Normal view MARC view
  • Acevedo Blanco, Antonio Jesús

Entry Nombre Personal

Number of records used in: 1

001 - NUMERO DE CONTROL

  • campo de control: 60149

003 - IDENTIFICADOR DE NUMERO DE CONTROL

  • campo de control: UPN

005 - FECHA Y HORA DE LA ÜLTIMA TRANSACCIÓN

  • campo de control: 20260629124918.0

008 - DATOS DE LONGITUD FIJA

  • campo de control de longitud fija: 260629|| ac|||aabn | a|a d

024 ## - OTROS IDENTIFICADORES NORMALIZADOS

  • Fuente: orcid
  • Número normalizado o código: https://orcid.org/0000-0002-3627-1326

040 ## - FUENTE DE CATALOGACIÓN

  • Agencia original de catalogación: MX-MxUPN

100 1# - ENCABEZAMIENTO - NOMBRE PERSONAL

  • Nombre personal: Acevedo Blanco, Antonio Jesús

370 ## - LUGAR ASOCIADO

  • Place of birth: España

371 ## - DIRECCIÓN

  • Electronic mail address: aacevedo13@alumno.uned.es

372 ## - CAMPO DE ACTIVIDAD

  • Field of activity: Sociología

373 ## - GRUPO ASOCIADO

  • Associated group: Universidad Nacional de Educación a Distancia. Escuela Internacional de Doctorado de la UNED (EIDUNED)

374 ## - OCUPACIÓN

  • Occupation: Docencia e investigación universitarias

670 ## - FUENTE EN LA QUE SE LOCALIZARON DATOS

  • Cita de la fuente: En recurso en línea: REIS, No. 192 (2025)
  • Información localizada: (Antonio Jesús Acevedo Blanco)
  • Uniform Resource Identifier: https://reis.cis.es/index.php/reis/article/view/2437

902 ## - CATALOGADOR

  • Catalogador: Leonor Sotres/290626